004260000a22001330004500003001100000008004100011040003900052041000800091082001300099245013300112260002300245300000900268650001500277LK-CoMWRAF230817t ||||| |||| 00| 0 eng d aLK-CoMWRAFdLK-CoMWRAFeLK-CoMWRAF aeng a310bBAL aReport on the workshop on women and development held as part of the conference on peoples plan for the 21st century at Bangkokb aMadrasbIWIDc1993 ap.31 astatistics